000 00798nam a22002177a 4500
999 _c11961
_d11961
003 AR-CdUCM
008 190401b ||||| |||| 00| 0 spa d
040 _aMUNICIPALIDAD PROVINCIAL DEL CUSCO
_cBIBLIOTECA MUNICIPAL DEL CUSCO
082 _aES / 373.700 /
_bV66
100 _aVillacorta Paredes, Juan
_927655
245 _aArtes Plásticas :
_bComposición artística y retrato /
260 _aLima :
_bMinerva.
300 _a96 páginas ;
_bimágenes.
_c24cm.
500 _aEducación secundaria 3ro
505 _aContenido: La composición artística -- Expresión artística de la línea -- Sistemas compositivos -- El retrato en el arte...
650 _aArte.
_9561
650 _aArtes plásticas.
_927656
650 _aEducación
_9460
942 _2ddc
_cLIBROS
945 _anom
_d2019-04-05